000
00307nam a2200109Ia 4500
001
1270416
005
20260417151349.0
008
260417s9999 xx 000 0 und d
020
_a
9786258124224
245
0
_a
Gençler! Dünyaya Teslim Olmayın, Teslim Alın!
_c
Mustafa Balcı
260
_b
Beyan Yayınları
999
_c
1270416
_d
1270416